000 00381nam a22001577a 4500
003 MPLRDC
005 20220104164021.0
008 210129b ||||| |||| 00| 0 eng d
082 _a748.7 WER 1941-1945
100 _aALEXANDER WERTH
245 _aRUSSIA AT WAR 1941-1945
_c
260 _a
_bPAN BOOKS LTD
_c1964
300 _b
650 _a
942 _cBK
_o748.7 WER 1941-1945
999 _c56751
_d56741